Formula 1 Team Quiz - Williams - Statistics

General Stats
  • This quiz has been taken 107 times
  • The average score is 11 of 14
Answer Stats
Hint Answer % Correct
Nation Founded United Kingdom
98%
Best Result 1st
97%
Best Grid Position 1st
97%
Founder Frank Williams
94%
Number of CWC 9
92%
First Year Raced 1975
90%
1993 Alain Prost
86%
1996 Damon Hill
86%
1992 Nigel Mansell
85%
1997 Jaques Villeneuve
83%
1987 Nelson Piquet
79%
1980 Alan Jones
70%
1982 Keke Rosberg
69%
First Grand Prix Argentina
13%
No matching quizzes found
Score Distribution
Percent of People with Each Score
Percentile by Number Answered
Your Score History
You have not taken this quiz